| 000 | 01606nam a2200241Ia 4500 | ||
|---|---|---|---|
| 003 | Ost | ||
| 005 | 20260507074909.0 | ||
| 008 | 260507s9999||||xx |||||||||||||| ||und|| | ||
| 020 | _a2192119957 | ||
| 040 | _cfsecg | ||
| 041 | _aara | ||
| 082 | _a658.8 | ||
| 100 |
_aالبكري، ثامر ياسر _eمؤلف |
||
| 245 | 0 |
_aالتسويق والمسؤولية الإجتماعية / _c ثامر ياسر البكري |
|
| 260 |
_aعمان: _bدار وائل للنشر والتوزيع, _c2001 |
||
| 300 |
_a168 صفحة؛ _bإيضاحات ؛ _c24 سم |
||
| 504 | _aببليوغرافيا: ص.159 | ||
| 520 | _aالبعد التاريخي للمسؤولية الإجتماعية وتعريفها، مفهوم المسؤولية الإجتماعية بين التأييد والمعارضة، التأثيرات البيئية على منظمات الأعمال في تطبيق المسؤولية الإجتماعية، استراتيجية العلاقة بين التأثيرات القانونية والمسؤولية الإجتماعية، التخطيط للمسؤولية الإجتماعية بإعتماد الشكاوى والمشكلات المرتبطة بالمجتمع، المفهوم الإجتماعي للتسويق والمسؤولية الإجتماعية، حماية المستهلك، حقوق المستهلك، أخلاقيات التسويق، الدراسات السابقة في المسؤولية الإجتماعية | ||
| 653 | _aأدارة المبيعات | ||
| 653 | _aالتسويق | ||
| 653 | _aالمسؤولية الإجتماعية | ||
| 942 | _cكتاب | ||
| 999 |
_c41725 _d41725 |
||